Risultati della Juventus in UEFA Champions League 2022-2023 - Statistics

Statistiche generali
  • Questo quiz è stato fatto 46 volte
  • Il punteggio medio è 4 su 6
Statistiche sulle risposte
Hint Risposta % Corretto
Juventus - Paris Saint-Germain 1-2
79%
Benfica - Juventus 4-3
79%
Juventus - Benfica 1-2
72%
Paris Saint-Germain - Juventus 2-1
65%
Maccabi Haifa - Juventus 2-0
63%
Juventus - Maccabi Haifa 3-1
56%
Nessun quiz corrispondente trovato
Distribuzione punteggi
Percentuale di utenti per punteggio
Percentile per numero di risposta
I tuoi punteggi nel tempo
Non hai fatto questo quiz